<Die> Auswirkungen des EG-Beitritts Spaniens auf die Exportlandwirtschaft der Kanarischen Inseln

Saved in:
Bibliographic Details
Main Author: Quensell, Tilmann
Format: Book
Language:German
Published: Hamburg Parey 1989
Edition:1. Aufl.
Subjects:
Tags: Add Tag
No Tags, Be the first to tag this record!

MARC

LEADER 00000nam a2200000 4500
001 c000654
005 20221215125226.7
020 |a 3-490-03694-8 
041 0 |a ger 
044 |a DE 
245 1 0 |a <Die> Auswirkungen des EG-Beitritts Spaniens auf die Exportlandwirtschaft der Kanarischen Inseln  |c Tilmann Quensell 
250 |a 1. Aufl. 
264 1 |a Hamburg  |b Parey  |c 1989 
300 |a 140 s. 
610 2 0 |a Španielsko 
610 2 0 |a vývoz 
610 2 0 |a trh 
610 2 0 |a Európske spoločenstvá 
610 2 0 |a Kanárske ostrovy 
610 2 0 |a obchod zahraničný 
610 2 0 |a poľnohospodárstvo 
610 2 0 |a dovoz 
610 2 0 |a náklady výrobné 
610 2 0 |a konkurencia 
610 2 0 |a výrobky poľnohospodárske 
100 1 |a Quensell, Tilmann